000 00624nam a2200241Ia 4500
003 0100
008 130303s9999 xx 000 0 und d
020 _a0823219798
040 _cARRUPELIB
050 _aBJ1249.R4713 2000
100 _aRhonheimer, Martin
245 _aNatural law and practical reason
245 _ba Thomist view of moral autonomy
260 _aNew York
260 _bFordham University Press
260 _C2000
300 _axxii
300 _b 620p. 24cm.
440 _aMoral philosophy and moral theology; no. 1
650 _aETHICS
700 _aMalsbary, Gerald (tr.)
942 0 0 _03
999 _c10062
_d10062